Colección de las instituciones políticas y jurídicas de los pueblos modernos / (Record no. 44584)

MARC details
000 -LEADER
campo de control de longitud fija 01318nam a2200205 i 4500
001 - NÚMERO DE CONTROL
campo de control 44584
003 - IDENTIFICADOR DE NÚMERO DE CONTROL
campo de control ES-MaACL
005 - FECHA Y HORA DE LA ÚLTIMA TRANSACCIÓN
campo de control 20250909180542.0
007 - CAMPO FIJO DE DESCRIPCIÓN FÍSICA--INFORMACIÓN GENERAL
campo de control de longitud fija t|
008 - DATOS DE LONGITUD FIJA--INFORMACIÓN GENERAL
campo de control de longitud fija 151102m18851889sp ||||1| spa d
245 00 - MENCIÓN DEL TÍTULO
Título Colección de las instituciones políticas y jurídicas de los pueblos modernos /
Mención de responsabilidad, etc. dirigida su publicación y anotadas por Vicente Romero y Girón y Alejo García Moreno.
260 ## - PUBLICACIÓN, DISTRIBUCIÓN, ETC.
Lugar de publicación, distribución, etc. Madrid :
Nombre del editor, distribuidor, etc. Góngora,
Fecha de publicación, distribución, etc. 1885-1889.
300 ## - DESCRIPCIÓN FÍSICA
Extensión 13 v. ;
Dimensiones 24 cm.
505 8# - NOTA DE CONTENIDO CON FORMATO
Nota de contenido con formato Contiene: t. 1. Instituciones de Bélgica (948 p.) -- t. 2. Instituciones de Alemania (780 p.) -- t. 3. Instituciones del Reino de Italia (911 p.) -- t. 4 . Instituciones de la Républica Francesa (tomo I) (751 p.)-- t. 5. Instituciones y códigos franceses (tomo II) (748 p.) -- t. 6. Instituciones y códigos de Holanda (788 p.) -- t. 7. Leyes y códigos portugueses (792 p.) -- t. 8. Instituciones y códigos de Suiza (754 p.) -- t. 9. Austria y Estados del Oriente de Europa (778 p.) -- t. 10. Austria y Estados orientales (conclusión, tomo II) (886 p.) -- t. 11. Inglaterra y Estados del Norte de Europa (932 p.)
650 #7 - PUNTO DE ACCESO ADICIONAL DE MATERIA--TÉRMINO DE MATERIA
Término de materia o nombre geográfico como elemento de entrada Derecho-
Subdivisión geográfica Europa
Fuente del encabezamiento o término
9 (RLIN) 158059
700 1# - ENTRADA AGREGADA--NOMBRE PERSONAL
Nombre de persona Romero Girón, Vicente,
Fechas asociadas al nombre 1835-1900
9 (RLIN) 99395
700 1# - ENTRADA AGREGADA--NOMBRE PERSONAL
Nombre de persona García Moreno, A.
9 (RLIN) 54997
852 ## - LOCALIZACIÓN
Ubicación ES-MaACL
Número de control de estantería F-3375-85
Holdings
Estatus retirado Estado de pérdida Estado de daño No para préstamo Colección Biblioteca de origen Biblioteca actual Ubicación en estantería Fecha de adquisición Fuente de adquisición Total de préstamos Signatura topográfica completa Código de barras Visto por última vez Precio de reemplazo Tipo de ítem Koha
        Libros del s. XIX Biblioteca del Ateneo de Madrid Biblioteca del Ateneo de Madrid Depósito 2 02/11/2015     F-3375-85 1194418 23/02/2023 23/02/2023 Libro impreso antiguo